Gaming Quiz

Random Gaming or Console Quiz

Super Mario 64 Stars by Any Word Quiz Stats

 Plays Quiz Updated Jun 18, 2017

Support Sporcle.
Go Orange.
Score 0/90 Timer 05:00
5 Plays Today
Answer % Correct
Find the 8 Red Coins
91.9%
Seek the 8 Red Coins
91.7%
Red Coins on the Ship Afloat
91.7%
Red Coins on the Floating Isle
91.5%
Big Bob-omb on the Summit
91.1%
Shoot to the Island in the Sky
90.5%
Can the Eel Come out to Play?
89.9%
Eye to Eye in the Secret Room
89.6%
The Big House in the Sky
89.6%
Footrace with Koopa the Quick
89.5%
Go to Town for Red Coins
89.3%
Mario Wings to the Sky
89.2%
Boil the Big Bully
88.9%
Rematch with Koopa the Quick
88.9%
Blast to the Lonely Mushroom
88.9%
Blast to the Stone Pillar
88.7%
In the Talons of the Big Bird
88.7%
To the Top of the Fortress
88.2%
Coins Amassed in a Maze
87.8%
Top o' the Town
87.3%
Plunder in the Sunken Ship
86.7%
Elevator Tour in the Volcano
86.6%
Secrets in the Shallows & Sky
86.4%
Blast Away the Wall
86.3%
Secret of the Haunted Books
86.2%
The Tip Top of the Huge Island
85.7%
Mystery of the Monkey Cage
85.2%
Bully the Bullies
85%
Frosty Slide for 8 Red Coins
84.8%
Chill with the Bully
84.8%
Answer % Correct
Hot-Foot-It Into the Volcano
84.7%
Shoot Into the Wild Blue
84.6%
Go on a Ghost Hunt
84.6%
Shining Atop the Pyramid
84.5%
Inside the Ancient Pyramid
84.3%
Treasure of the Ocean Cave
84.2%
Free Flying for 8 Red Coins
84.2%
Elevate for 8 Red Coins
84%
Roll Into the Cage
83.6%
Swimming Beast in the Cavern
83.4%
Fall onto the Caged Island
83.4%
Navigating the Toxic Maze
83.3%
Stomp on the Thwomp
83.3%
Stop Time for Red Coins
83.3%
Chests in the Current
83.1%
Shell Shreddin' for Red Coins
82.9%
Pole-Jumping for Red Coins
82.8%
Scale the Mountain
82.6%
In the Deep Freeze
82.6%
Stand Tall on the Four Pillars
82.3%
Somewhere Over the Rainbow
82.1%
Swingin' in the Breeze
81.9%
Cruiser Crossing the Rainbow
81.7%
Into the Igloo
81.2%
Through the Jet Stream
80.7%
Through the Jet Stream
80.7%
The Manta Ray's Reward
80.2%
Collect the Caps,,,
79.6%
Pluck the Piranha Flower
79.6%
The Pit and the Pendulums
79.4%
Answer % Correct
Scary 'Shrooms, Red Coins
79%
Wiggler's Red Coins
78.9%
Whirl From the Freezing Pond
78.8%
Get a Hand
77.5%
Big Penguin Race
76.6%
Metal-Head Mario Can Move!
64.5%
Snowman's Big Head
64.2%
Ride Big Boo's Merry-go-Round
63.9%
Big Boo's Balcony
60.6%
Li'l Penguin Lost
58.3%
Quick Race Through Downtown!
55.8%
Timed Jumps on Moving Bars
53.3%
Watch for Rolling Rocks
52%
8-coin Puzzle with 15 Pieces
48.6%
Board Bowser's Sub
47.6%
Snowman's Lost his Head
43.2%
Pyramid Puzzle
41%
Behind Chain Chomp's Gate
41%
Wall Kicks Will Work
40.8%
Chip Off Whomp's Block
38.9%
Express Elevator--Hurry Up!
31.4%
Slip Slidin' Away
31.2%
Red-Hot Log Rolling
29.8%
Make Wiggler Squirm
28.9%
Five Itty Bitty Secrets
28.5%
Breathtaking View From Bridge
21.8%
Tricky Triangles!
20.1%
A-MAZE-ING Emergency Exit
19%
Shocking Arrow Lifts!
18.1%
Mysterious Mountainside
15.3%

You're not logged in!

Compare scores with friends on all Sporcle quizzes.
OR
Log In
Forgot?

From the Vault

Franchises With Multiple Billion Dollar Movies

by Sheldon

How many billions could a franchise possibly need?
Remove Ads.
Support Sporcle.
Get the best of Sporcle when you Go Orange. This ad-free experience offers more features, more stats, and more fun while also helping to support Sporcle. Thank you for becoming a member.

Show Comments

Extras

Top Quizzes Today


Score Distribution

Your Account Isn't Verified!

In order to create a playlist on Sporcle, you need to verify the email address you used during registration. Go to your Sporcle Settings to finish the process.

Report this User

Report this user for behavior that violates our Community Guidelines.

Details: